| 000 | 02286nam a22002057a 4500 | ||
|---|---|---|---|
| 005 | 20260203145413.0 | ||
| 008 | 260127b ||||| |||| 00| 0 eng d | ||
| 040 | _cSSBUL | ||
| 041 | _aEnglish | ||
| 082 |
_223 _bT-28 Ph.D |
||
| 100 | 0 |
_aKyi Kyi Cho, _b4 PhD(R)-Hist-1. _965764 |
|
| 245 | 3 | 0 |
_aAn introduction of British administration in lower Myanmar (1853-1885) / _cKyi Kyi Cho. |
| 260 |
_aMandalay : _bUniversity of Mandalay, _c2013. |
||
| 300 |
_axvii, 186 p. , _bmap, _c29 cm. |
||
| 502 |
_aThis thesis, entitled "An Introduction of British Administration in Lower Myanmar, 1853-1885" is an attempt to review British Colonialism and its impact on Myanmar society. It is systematically approached and investigated from every viewpoint, to wit political and administrative viewpoint, economic or revenue viewpoint and judiciary viewpoint so that the whole societal panoramic view could be clearly seen. Sometimes and in some places comparisons are also made between the native rule and the alien rule. Major purpose of this research is to see the imperialistic nature deep inside its administration. In brief, what one can see in British administration is the colonial government's efforts to transform the whole of Myanmar society into a sole agrarian society producing more rice and other crops to feed other colonial people living in the British Empire. Moreover, they also wanted Myanmar people to thank the colonial masters as good and just administrators. That we could have lived peacefully was due to their benevolent rule and on the contrary, what the people really saw is that they wanted to be liberated from the yoke of colonialism. Later on, nationalism took root in the hearts of Myanmar people which led to regaining of independence. _bPh.D _cUniversity of Mandalay _d2013 |
||
| 504 | _aIncluded bibliography | ||
| 505 |
_aIntroduction
Chapters
1. Lower Myanmar during the First Decade of The British Administration, 1852-1862
2. Taxes and Revenue
3. The Judicial Administration
4. Evaluation of British Administration in Lower Myanmar
Conclusion
Maps
Appendices
Bibliography, _rKyi Kyi Cho, _tAn introduction of British administration in lower Myanmar (1853-1885). |
||
| 650 |
_aAdministration _xHistory _965765 _y1853–1885 _zLower Myanmar |
||
| 942 |
_2ddc _cREF |
||
| 999 |
_c47354 _d47354 |
||